Personnages de La Belle au Bois Dormant en images - Disney - Statistiques

Statistiques générales
  • Ce quiz a été pris 34 fois
  • Le résultat moyen est 7 sur 12
Statistiques - réponses
Par images Réponse % Correct
Aurore
100%
Maléfique
100%
Prince Philippe
93%
Flora
73%
Pimprenelle
73%
Pâquerette
63%
Roi Stéphane
57%
Roi Hubert
53%
Diablo
23%
Samson
23%
Reine Leah
17%
Lord Duke
0%
Aucun quiz correspondant
Distribution des résultats
% des personnes avec chaque résultat
Percentile par nombre de réponses
Votre historique - résultats
Vous n’avez pas pris ce quiz